00687nam a2200181 i 450000100060000000300090000600500170001500700030003200800410003510000390007624501380011525000150025326000320026830000340030085200320033499900170036695201220038384419ES-MaACL20230906175019.0t|041122s1968 sp ||||1| spa d1 aJiménez González, Luis.96653410aEmbriología humana normal y patológica b: del eu-desarrollo a las malformaciones congénitas / cpor Luis Jiménez González. a[1ª ed.]. aZaragoza : b[s.n., c1968] aXV, 415 p. : bil. ; c24 cm. aES-MaACLjC-34544 bR.67357 c84419d84419 00104070aATENEOMbATENEOMcDEPO2d2008-01-17eSCl0oC-34544p1088222r2023-02-23 00:00:00w2023-02-23yMONOGRAFIA